Evaluation of three types of rainguards (Record no. 59030)

MARC details
000 -LEADER
fixed length control field 00427nam a2200169Ia 4500
100 ## - MAIN ENTRY--AUTHOR NAME
Personal name Chan Weng Hoong
245 #0 - TITLE STATEMENT
Title Evaluation of three types of rainguards
260 ## - PUBLICATION, DISTRIBUTION, ETC. (IMPRINT)
Name of publisher Planter
Year of publication 1990
300 ## - PHYSICAL DESCRIPTION
Number of Pages 523-535
650 ## - SUBJECT ADDED ENTRY--TOPICAL TERM
Topical Term Rainguards
700 ## - ADDED ENTRY--PERSONAL NAME
Personal name Abdul Rahman Hj Othman
700 ## - ADDED ENTRY--PERSONAL NAME
Personal name Chow Kok Choy
700 ## - ADDED ENTRY--PERSONAL NAME
Personal name Patrick Lim H P
700 ## - ADDED ENTRY--PERSONAL NAME
Personal name Toh Choo Wooi
942 ## - ADDED ENTRY ELEMENTS (KOHA)
Koha item type Journals
Holdings
Withdrawn status Lost status Damaged status Not for loan Home library Current library Shelving location Date acquired Serial Enumeration / chronology Koha item type
      Journals RRII Library RRII Library Physiology 17/12/2021 Volume 66, Issue Journals